000 00765 a2200169 4500
003 Nust
005 20230504132925.0
040 _cNust
082 _a973.7,BAR
100 _aBarker, Alan
_978455
245 _aThe Civil War In America /
_cAlan Barker
260 _aLondon
_bAdam & Charles
300 _a182:p
505 _aThe Importance of the American Civil (Page-1), The Background of War (Page-20), Slavery and Abolition (Page-42), Compromise and Its Failure (Page-59), The Causes of Secession (Page-83), The Causes of War (Page-98), The War from the Northern Viewpoint (Page-113), The War from the Southern Viewpoint (Page-135), Reconstruction (Page-153), Time Chart (Page-170).
650 _aThe Civil War In America
_9112120
942 _2ddc
_cBK
_k973.7,BAR
999 _c187524
_d187524